000 00825nam a2200241 a 4500
005 20170522114852.0
008 140220t1995 enk||||gr|||| 00| 0 spa d
020 _a0952027526
040 _aCO-BoIAVH
_cCO-BoIAVH
041 _aeng
044 _ack
082 0 4 _a580
_bB74h
110 2 _aBotanic Gardens Conservation International
_bBotanic Gardens Conservation International
245 1 0 _aHandbook for botanic gardens on the reintroduction of plants to the wild
260 _aLondres:
_bBGCI,
_c1995.
300 _a31 páginas :
_bilustraciones ;
_c26 x 20 cm.
650 6 _aJardines botánicos
650 6 _aRepoblación de especies
650 4 _aConservación ex situ
700 1 _aAkeroyd, John
_ecompilador
700 1 _aWyse Jackson, Peter
_ecompilador
942 _cLIBRO
_2ddc
999 _c260
_d260